A little work, a little play
Saved in:
| Main Author: | |
|---|---|
| Other Authors: | |
| Format: | Book |
| Language: | English |
| Published: |
[Hong Kong] :
Longmans,
[1960]
|
| Series: | Pleasant books in easy english ;
; stage 3 |
| Subjects: | |
| Tags: |
Add Tag
No Tags, Be the first to tag this record!
|
MARC
| LEADER | 00000cam a2200000 i 4500 | ||
|---|---|---|---|
| 001 | 1/98165 | ||
| 008 | 081125r19601958 eng d | ||
| 035 | |l 10101992 | ||
| 040 | |a GR-MY-UA |b gre |e aacr | ||
| 041 | 0 | |a eng | |
| 082 | 0 | |a 428.6 |2 (22) | |
| 100 | 1 | |a Thornley, G. C. |q (Granville Calland) | |
| 245 | 1 | 2 | |a A little work, a little play / |c by G.C. Thornley ; illustrated by T. Allum |
| 260 | |a [Hong Kong] : |b Longmans, |c [1960] | ||
| 300 | |a 93 σ.; |b εικ.; |c 18 εκ. | ||
| 490 | 1 | |a Pleasant books in easy english |v ; stage 3 | |
| 500 | |a "First Hong Kong impression 1960" | ||
| 650 | 0 | 0 | |a Readers (Elementary) |
| 650 | 0 | 0 | |a English language |x Readers. |
| 700 | 1 | |a Allum, Tom. |4 ill | |
| 830 | 0 | |a Pleasant books in easy english ; |v ; stage 3 | |
| 852 | |a INST |b RHODES |c AKA |e 20081125 |h 428.6 THO |p 005400031403 |q 005400031403 |t BK |y 0 | ||
| 901 | |a BIBL4-2008-3 | ||
| 909 | |a Ρ |b 156386 | ||
| 970 | |a ΧΑΡΙΟΠΟΛΙΤΟΥ |b ΚΩΝΣΤΑΝΤΙΝΑ |z 2008/11/25 | ||